Every Walking Dead Character - Statistics

General Stats
  • This quiz has been taken 384 times
  • The average score is 53 of 132
Answer Stats
Hint Answer % Correct
1 Rick
98%
1 Carl
95%
2 Sean
93%
1 Carol
92%
1 Lori
92%
2 Maggie
91%
1 Daryl
90%
1 Glenn
90%
1 Andrea
89%
2 Hershel
88%
1 Sophia
87%
2 Beth
86%
1 Ed
86%
1 Merle
86%
1 Amy
84%
1 Dale
83%
1 Jim
81%
1 Morgan
78%
6 Negan
76%
4 Abraham
75%
4 Rosita
75%
3 Sasha
75%
2 Michonne
74%
1 T-dog
74%
4 Eugene
73%
1 Shane
71%
3 Judith
70%
4 Tara
70%
2 Jimmy
67%
3 Tyreese
67%
2 Otis
63%
2 Patricia
63%
1 Jacqui
62%
1 Duane
61%
4 Bob
59%
6 Dwight
59%
5 Aaron
58%
6 Simon
58%
5 Deanna
57%
5 Jessie
56%
1 Morales
56%
5 Spencer
56%
5 Ron
55%
5 Enid
54%
6 Jesus
54%
4 | 5 Sam
53%
4 Lizzie
52%
5 Gabriel
51%
4 Mika
49%
4 | 5 Pete
48%
4 Lily
47%
3 Axel
46%
2 Randall
46%
3 Milton
45%
5 Eric
44%
5 Martin
44%
3 Philip
44%
5 Noah
43%
4 Gareth
41%
6 Gregory
41%
3 Martinez
41%
5 Aiden
40%
5 Reg
40%
1 Edwin Jenner
39%
3 Karen
39%
6 Denise
38%
3 Oscar
38%
6 David
37%
4 Meghan
37%
5 Dawn
36%
5 Olivia
35%
3 Tomas
35%
3 Big Tiny
34%
4 Patrick
34%
3 Andrew
33%
2 Dave
31%
5 Nicholas
30%
2 Tony
29%
3 Ben
27%
4 Mary
27%
4 Joe
25%
5 Tobin
24%
6 Heath
23%
6 Sherry
23%
1 Guillermo
22%
3 Shumpert
22%
4 Zach
21%
4 Alex
18%
3 Donna
18%
1 Eliza
16%
1 Miranda
15%
3 Allen
14%
1 Felipe
14%
1 Leon
13%
4 Mitch
13%
6 Scott
13%
6 Carter
11%
4 Dan
11%
4 Len
11%
1 Abuela
10%
4 Alisha
9%
1 Lambert
9%
1 Miguel
9%
6 Eastman
8%
5 Erin
8%
5 Francine
8%
5 Owen
8%
6 Tina
7%
4 Clara
6%
6 Annie
5%
5 Bruce
5%
4 Dr.S
5%
1 Jorge
5%
5 Mikey
5%
6 Paula
5%
5 Joan
4%
4 Ana
3%
6 Craig
3%
3 Dr.Stevens
3%
3 Jody
3%
5 Kent
3%
2 Nate
3%
6 Sturgess
3%
5 Dr. Edwards
2%
6 Michelle
2%
5 Officer Bob
2%
5 Officer Gorman
2%
5 Shelly
2%
6 Dr. Harlan Carson
1%
5 Officer Amanda
1%
No matching quizzes found
Score Distribution
Percent of People with Each Score
Percentile by Number Answered
Your Score History
You have not taken this quiz